| 000 | 01108nam a22003257a 4500 | ||
|---|---|---|---|
| 003 | EG-ScBUE | ||
| 005 | 20220530112027.0 | ||
| 008 | 140417t2007 enka f d 000 0 eng d | ||
| 020 | _a1413021859 | ||
| 020 | _a9781413021851 | ||
| 040 |
_aEG-ScBUE _beng _erda _cEG-ScBUE _dEG-ScBUE |
||
| 082 | 0 | 4 |
_222 _bMAS _a428.202465 |
| 100 | 1 |
_935936 _aMascull, Bill, _eauthor. |
|
| 245 | 1 | 0 |
_aBest practice intermediate : _bbusiness English in global context, _pCoursebook / _cBill Mascull and Jeremy Comfort. |
| 246 | 3 | 0 | _aCoursebook |
| 264 | 1 |
_aLondon : _bHeinle, _c[2007] |
|
| 264 | 4 | _cc2007 | |
| 300 |
_a174 pages : _bcolor illustrations ; _c30 cm |
||
| 336 |
_2rdacontent _atext _btxt |
||
| 337 |
_2rdamedia _aunmediated _bn |
||
| 338 |
_2rdacarrier _avolume _bnc |
||
| 500 | _aIncludes glossary. | ||
| 650 | 7 |
_aEnglish language _xBusiness English. _93736 _2BUEsh |
|
| 650 | 7 |
_aBusiness writing _923272 _vProblems, exercises, etc. _2BUEsh |
|
| 651 | _2BUEsh | ||
| 653 |
_cApril2014 _bHHUUEENN |
||
| 655 |
_vReading book _934232 |
||
| 700 | 1 |
_935937 _aComfort, Jeremy, _eauthor. |
|
| 942 |
_2ddc _k428.202465 MAS _cBB |
||
| 999 |
_c18236 _d18208 |
||